[Event "Minsk Kupreichik Memorial op"]
[Site "Minsk"]
[Date "2018.06.21"]
[Round "2"]
[White "Sadovnikov, Konstantin"]
[Black "Ten, Alexander"]
[Result "0-1"]
[WhiteElo "1907"]
[BlackElo "2265"]
[PlyCount "90"]
[EventDate "2018.06.21"]
[EventType "swiss (rapid)"]
[EventRounds "11"]
[EventCountry "BLR"]
[SourceTitle "CBM 185 Extra"]
[Source "ChessBase"]
[SourceDate "2018.07.29"]
[SourceVersion "1"]
[SourceVersionDate "2018.07.29"]
[SourceQuality "1"]

1. e4 e5 2. Nc3 Nf6 3. Bc4 Be7 4. d3 0-0 5. f4 d6 6. Nf3 exf4 7. Bxf4 c6 8. 0-0 d5 9. Bb3 dxe4 10. dxe4 Qb6+ 11. Kh1 Bg4 12. h3 Bh5 13. Qe2 Nfd7 14. Rad1 Nc5 15. Qf2 Nbd7 16. Be3 Qc7 17. Rd2 Nxb3 18. axb3 Rad8 19. Nd4 Bg6 20. Bf4 Qa5 21. Rfd1 Nc5 22. Qe3 Rfe8 23. Nf5 Rxd2 24. Rxd2 Nxe4 25. Qxe4 Qxf5 26. Qxf5 Bxf5 27. g4 Bg6 28. Rd7 Bxc2 29. Rxb7 Bc5 30. Rc7 Bxb3 31. Rxc6 Bd4 32. Rc7 h6 33. Kg2 g5 34. Bd6 Bb6 35. Rd7 Re6 36. Bc7 Be3 37. Bg3 a6 38. Rb7 Bc2 39. Kf3 Bc1 40. Rb8+ Kg7 41. Bf2 Rd6 42. Bg3 Rd3+ 43. Kg2 Rxg3+ 44. Kxg3 Bf4+ 45. Kf3 Bxb8 0-1